Things That Have Happened Since Canada's Last Stanley Cup - Statistics

General Stats
  • This quiz has been taken 3 times
  • The average score is 7 of 13
Answers on the Grid
Answers color-coded by a green-red scale on the quiz's grid according to % correct below.
Expulsion of Acadians
Completion of the transcontinental Canadian Pacific Railway
Welland Canal opens, linking Lake Erie and Lake Ontario
Founding of Tim Hortons
Hockey Night in Canada debuts on television
Maple Leaf flag adopted as national flag
Andy Brown becomes last goalie to play an NHL game without a mask
Commission established to transition Canada to the metric system
Jamaican bobsleigh team debuts at the Calgary Olympics
Wayne Gretzky traded from Edmonton Oilers to Los Angeles Kings
Creation of the Canadian Space Agency
Quebec Referendum on Sovereignty fails with a 50.58% no vote
Quebec Nordiques move to Denver and become the Colorado Avalanche
Winnipeg Jets move to Arizona and become the Phoenix Coyotes
Nunavut Territory is established
38 passenger planes diverted to Gander, Newfoundland on 9/11
NHL introduces overtime shootout format
1st Generation iPhone released
Sidney Crosby's golden goal defeats the U.S. at the Vancouver Olympics
Atlanta Thrashers move to Manitoba and become the Winnipeg Jets
"O Canada" revised to include gender-neutral language
Justin Trudeau serves 10 years as Canadian Prime Minister
Toronto Raptors win NBA championship
CFL's Edmonton team changes name from Eskimos to Elks
 
Answer Stats
Answer % Correct
2015-2025 Justin Trudeau serves 10 years as Canadian Prime Minister
100%
2007 1st Generation iPhone released
50%
2001 38 passenger planes diverted to Gander, Newfoundland on 9/11
50%
2011 Atlanta Thrashers move to Manitoba and become the Winnipeg Jets
50%
2021 CFL's Edmonton team changes name from Eskimos to Elks
50%
2005 NHL introduces overtime shootout format
50%
1999 Nunavut Territory is established
50%
2018 "O Canada" revised to include gender-neutral language
50%
1995 Quebec Nordiques move to Denver and become the Colorado Avalanche
50%
1995 Quebec Referendum on Sovereignty fails with a 50.58% no vote
50%
2010 Sidney Crosby's golden goal defeats the U.S. at the Vancouver Olympics
50%
2019 Toronto Raptors win NBA championship
50%
1996 Winnipeg Jets move to Arizona and become the Phoenix Coyotes
50%
No matching quizzes found
Score Distribution
Percent of People with Each Score
Percentile by Number Answered
Your Score History
You have not taken this quiz